LEADER 01410nam 2200397 450 001 9910145875203321 005 20200324091709.0 035 $a(CKB)1000000000279564 035 $a(ItFiC)it 03252841 035 $a(EXLCZ)991000000000279564 100 $a20060828g20019999 uy 0 101 0 $aita 200 00$aAlle frontiere della vita$b[electronic resource] $eeutanasia ed etica del morire$hVolume 2. /$fa cura .di Marianna Gensabella Furnari ; contribuiti di S. Montanini [et al.] 210 $aSoveria Mannelli (Catanzaro) $cRubbettino$d2001- 215 $av 225 0$aSaggi 300 $aProceedings. 300 $aAlso cont. 1 text in English. 311 $a88-498-0582-9 320 $aIncludes bibliographical references. 327 $a2. : Atti del Convegno internazionale di studi, Messina, 13-14 novembre 2001 / a cura di Marianna Gensabella Furnari ; contributi di Salvatore Montanini ... [et al.]. - 2003. - 421 p. 606 $aEuthanasia$vCongresses 606 $aMedical ethics$vCongresses 606 $aRight to die$vCongresses 615 0$aEuthanasia 615 0$aMedical ethics 615 0$aRight to die 676 $a179 702 $aFurnari$b Marianna Genasabella 702 $aMontanini$b Salvatore 801 0$bItFiC 801 1$bItFiC 906 $aBOOK 912 $a9910145875203321 996 $aAlle frontiere della vita$92427004 997 $aUNINA LEADER 02447nam0 2200481 i 450 001 VAN00113626 005 20240806100749.360 017 70$2N$a9783319194257 100 $a20180115d2015 |0itac50 ba 101 $aeng 102 $aCH 105 $a|||| ||||| 200 1 $aRegression modeling strategies$ewith applications to linear models, logistic and ordinal regression, and survival analysis$fFrank E. Harrell, Jr 205 $a2. ed 210 $a[Cham]$cSpringer$d2015 215 $aXXV, 582 p.$cill.$d24 cm 410 1$1001VAN00036509$12001 $aSpringer series in statistics$1210 $aBerlin [etc.]$cSpringer 500 1$3VAN00235227$aRegression modeling strategies : with applications to linear models, logistic and ordinal regression, and survival analysis$92440558 606 $a62-XX$xStatistics [MSC 2020]$3VANC022998$2MF 606 $a62J02$xGeneral nonlinear regression [MSC 2020]$3VANC021211$2MF 606 $a62J05$xLinear regression; mixed models [MSC 2020]$3VANC023156$2MF 606 $a62J12$xGeneralized linear models (logistic models) [MSC 2020]$3VANC025019$2MF 606 $a62Nxx$xSurvival analysis and censored data [MSC 2020]$3VANC027776$2MF 606 $a62P10$xApplications of statistics to biology and medical sciences; meta analysis [MSC 2020]$3VANC024649$2MF 610 $aGeneralized least squares$9KW:K 610 $aKnitr reproducible documents$9KW:K 610 $aLinear Models$9KW:K 610 $aLogistic Regression$9KW:K 610 $aPredictive modelling$9KW:K 610 $aR statistical software$9KW:K 610 $aRegression analysis$9KW:K 610 $aSurvival analysis$9KW:K 620 $aCH$dCham$3VANL001889 700 0$aHarrell, Frank E., Jr.$3VANV087706$0258175 712 $aSpringer $3VANV108073$4650 801 $aIT$bSOL$c20250905$gRICA 856 4 $uhttp://dx.doi.org/10.1007/978-3-319-19425-7$zE-book ? Accesso al full-text attraverso riconoscimento IP di Ateneo, proxy e/o Shibboleth 899 $aBIBLIOTECA DEL DIPARTIMENTO DI MATEMATICA E FISICA$1IT-CE0120$2VAN08 912 $fN 912 $aVAN00113626 950 $aBIBLIOTECA DEL DIPARTIMENTO DI MATEMATICA E FISICA$d08DLOAD e-book 0411 $e08eMF411 20180115 996 $aRegression modeling strategies : with applications to linear models, logistic and ordinal regression, and survival analysis$92440558 997 $aUNICAMPANIA